Statistiques concernant Marques de voitures par modèle

Cliquez ici pour prendre le quiz!

Statistiques générales

  • Ce quiz a été pris 612 fois
  • Le résultat moyen est 16 sur 20

Statistiques - réponses

HintRéponse% Correct
208Peugeot
97%
C4 CactusCitroën
96%
KangooRenault
96%
AMGMercedes
95%
CorsaOpel
93%
DusterDacia
92%
HuracanLamborghini
91%
458 SpiderFerrari
90%
CivicHonda
90%
CoccinelleVolkswagen
85%
BoxsterPorsche
83%
Model YTesla
83%
SwiftSuzuki
81%
AygoToyota
80%
CorvetteChevrolet
79%
PhantomRolls-Royce
68%
IoniqHyundai
67%
BroncoFord
62%
RioKia
59%
MiToAlfa Romeo
58%

Distribution des résultats

Percentile par nombre de réponses

% des personnes avec chaque résultat

Votre développement - résultats

Vous n’avez pas pris ce quiz